000 00433nam a22001697a 4500
999 _c524865
_d524865
003 NUST
038 _awaseem
082 _a891.421
_bSHA
100 _aShahid, Hussain
_915222
245 _aJungle Koka /
_cHussain Shahid
260 _aLahore :
_bAziz Publishers,
_c1990.
300 _a136 p. ;
500 _aHardcover.
880 _6100-01\r
_aحُسین شاید
880 _6245-02\r
_aجنگل کُوکاں /
942 _2ddc
_cBK